| 000 | 00806nam a2200241Ia 4500 | ||
|---|---|---|---|
| 003 | GCL | ||
| 008 | 140319s9999 xx 000 0 ara d | ||
| 040 |
_aGCL / _cGCL |
||
| 082 | 0 | 4 |
_a950.41 _bو ا |
| 100 | 1 | _aعلى ادهم | |
| 245 | 1 | 0 |
_aاضواء على اسيا / _cعلى ادهم |
| 700 | 1 | _aروفائيل جرجس | |
| 700 | 1 | _aونت, جاى | |
| 300 | _a270 ص | ||
| 490 |
_aالالف كتاب _v0 |
||
| 650 | 0 | 4 | _aباكستان - تاريخ - العصر الحديث |
| 650 | 0 | 4 | _aجنوب شرق اسيا |
| 650 | 0 | 4 | _aاليابان - تاريخ - العصر الحديث |
| 650 | 0 | 4 | _aاسيا - تاريخ - العصر الحديث |
| 650 | 0 | 4 | _aالصين - تاريخ - العصر الحديث |
| 650 | 0 | 4 | _aالهند - تاريخ - الاستقلال |
| 942 |
_2ddc _cBK |
||
| 999 |
_c49602 _d49602 |
||